<?xml version="1.0" encoding="UTF-8"?>
<record
    xmlns:xsi="http://www.w3.org/2001/XMLSchema-instance"
    xsi:schemaLocation="http://www.loc.gov/MARC21/slim http://www.loc.gov/standards/marcxml/schema/MARC21slim.xsd"
    xmlns="http://www.loc.gov/MARC21/slim">

  <leader>01146nam a22002657b 4500</leader>
  <controlfield tag="005">20250612113615.0</controlfield>
  <controlfield tag="008">230926b        sa ||||| |||| 00| 0 eng d</controlfield>
  <datafield tag="020" ind1=" " ind2=" ">
    <subfield code="a">9780702 177156</subfield>
    <subfield code="q">Paperback (pbk)</subfield>
  </datafield>
  <datafield tag="040" ind1=" " ind2=" ">
    <subfield code="a">RDA</subfield>
    <subfield code="c">3228</subfield>
  </datafield>
  <datafield tag="041" ind1=" " ind2=" ">
    <subfield code="h">ENGLISH</subfield>
  </datafield>
  <datafield tag="082" ind1=" " ind2=" ">
    <subfield code="a">346.07 GENE</subfield>
  </datafield>
  <datafield tag="100" ind1=" " ind2=" ">
    <subfield code="a">Havenga, Peter</subfield>
    <subfield code="9">117765</subfield>
  </datafield>
  <datafield tag="245" ind1=" " ind2=" ">
    <subfield code="a">General principles of commercial law /</subfield>
    <subfield code="c">Peter Havenga [and others]; Michele Havenga, general editor.</subfield>
  </datafield>
  <datafield tag="250" ind1=" " ind2=" ">
    <subfield code="a">Sixth edition.</subfield>
  </datafield>
  <datafield tag="260" ind1=" " ind2=" ">
    <subfield code="a">Cape Town, South Africa:</subfield>
    <subfield code="b">Juta,</subfield>
    <subfield code="c">2007.</subfield>
  </datafield>
  <datafield tag="300" ind1=" " ind2=" ">
    <subfield code="a">vii, 525 pages ;</subfield>
    <subfield code="c">25 cm.</subfield>
    <subfield code="b">Colour illustrations:</subfield>
  </datafield>
  <datafield tag="500" ind1=" " ind2=" ">
    <subfield code="a">Includes bibliographical references and index.</subfield>
  </datafield>
  <datafield tag="521" ind1=" " ind2=" ">
    <subfield code="a">Adult</subfield>
  </datafield>
  <datafield tag="650" ind1=" " ind2=" ">
    <subfield code="a"> Introduction. The South African legal system. Introduction to the science of law -- General principles of the law of contract -- Specific contracts -- Specific aspects of commercial law.</subfield>
    <subfield code="z">South Africa.</subfield>
    <subfield code="9">116381</subfield>
  </datafield>
  <datafield tag="651" ind1=" " ind2=" ">
    <subfield code="a">South Africa</subfield>
  </datafield>
  <datafield tag="690" ind1=" " ind2=" ">
    <subfield code="a">183806410</subfield>
    <subfield code="9">194020</subfield>
  </datafield>
  <datafield tag="700" ind1=" " ind2=" ">
    <subfield code="a">Michele Havenga, Lucid Pictures, CBT Typesetting &amp; Design, Creda Communications, Eliot Avenue, Epping 2, 7460, Cape Town</subfield>
    <subfield code="9">194021</subfield>
  </datafield>
  <datafield tag="710" ind1=" " ind2=" ">
    <subfield code="a">Juta</subfield>
    <subfield code="9">193757</subfield>
  </datafield>
  <datafield tag="942" ind1=" " ind2=" ">
    <subfield code="2">ddc</subfield>
    <subfield code="c">BOOK</subfield>
    <subfield code="y">12663</subfield>
    <subfield code="z">Priscilla Nozizwe Mogale</subfield>
  </datafield>
  <datafield tag="999" ind1=" " ind2=" ">
    <subfield code="c">752130</subfield>
    <subfield code="d">752129</subfield>
  </datafield>
  <datafield tag="952" ind1=" " ind2=" ">
    <subfield code="0">0</subfield>
    <subfield code="1">0</subfield>
    <subfield code="4">0</subfield>
    <subfield code="7">0</subfield>
    <subfield code="a">SECL</subfield>
    <subfield code="b">SECL</subfield>
    <subfield code="c">Non_Fiction</subfield>
    <subfield code="d">2023-05-09</subfield>
    <subfield code="l">0</subfield>
    <subfield code="o">346.07 GENE </subfield>
    <subfield code="p">063033</subfield>
    <subfield code="r">2023-05-09</subfield>
    <subfield code="w">2023-05-09</subfield>
    <subfield code="y">BOOK</subfield>
  </datafield>
  <datafield tag="952" ind1=" " ind2=" ">
    <subfield code="0">0</subfield>
    <subfield code="1">0</subfield>
    <subfield code="2">ddc</subfield>
    <subfield code="4">0</subfield>
    <subfield code="7">0</subfield>
    <subfield code="8">300</subfield>
    <subfield code="a">SECL</subfield>
    <subfield code="b">SECL</subfield>
    <subfield code="c">Non_Fiction</subfield>
    <subfield code="d">2023-09-26</subfield>
    <subfield code="i">33228024051029</subfield>
    <subfield code="l">0</subfield>
    <subfield code="o">346.07 GENE </subfield>
    <subfield code="r">2023-09-26</subfield>
    <subfield code="w">2023-09-26</subfield>
    <subfield code="y">BOOK</subfield>
  </datafield>
  <datafield tag="952" ind1=" " ind2=" ">
    <subfield code="0">0</subfield>
    <subfield code="1">0</subfield>
    <subfield code="2">ddc</subfield>
    <subfield code="4">0</subfield>
    <subfield code="7">0</subfield>
    <subfield code="8">300</subfield>
    <subfield code="a">MKHUL</subfield>
    <subfield code="b">MKHUL</subfield>
    <subfield code="c">Non_Fiction</subfield>
    <subfield code="d">2025-06-09</subfield>
    <subfield code="l">0</subfield>
    <subfield code="o">346.07 GENE</subfield>
    <subfield code="p">33228 022951790</subfield>
    <subfield code="r">2025-06-09</subfield>
    <subfield code="w">2025-06-09</subfield>
    <subfield code="y">BOOK</subfield>
  </datafield>
  <datafield tag="952" ind1=" " ind2=" ">
    <subfield code="0">0</subfield>
    <subfield code="1">0</subfield>
    <subfield code="2">ddc</subfield>
    <subfield code="4">0</subfield>
    <subfield code="7">0</subfield>
    <subfield code="8">300</subfield>
    <subfield code="a">MKHUL</subfield>
    <subfield code="b">MKHUL</subfield>
    <subfield code="c">Non_Fiction</subfield>
    <subfield code="d">2025-06-12</subfield>
    <subfield code="l">0</subfield>
    <subfield code="o">346.07 GENE</subfield>
    <subfield code="p">33228 02254263 1</subfield>
    <subfield code="r">2025-06-12</subfield>
    <subfield code="w">2025-06-12</subfield>
    <subfield code="y">BOOK</subfield>
  </datafield>
</record>
